000
00248nam a2200097Ia 4500
001
1300132
005
20260420095858.0
008
260420s9999 xx 000 0 und d
245
0
_a
PANDA PANDİ
_c
MÜJGAN ŞEYHİ
260
_b
TİMAŞ ÇOCUK YAYINLARI
999
_c
1300132
_d
1300132